000 00622cam a2200217u 4500
001 51896
003 BD-RjUL
005 20211209075728.0
008 160904s1969 xx 000 0 eng
035 _a(BD-RjUL)52016
040 _aDLC
_cCarP
_dDLC
_beng
041 _aeng
082 _223
_a346.54910438
_bMAR 1969
100 1 _aMahmood, Shaukat.
_9155218
245 0 4 _aThe Registration act (XVI of 1908) /
260 _aLahore :
_bLegal Research Centre,
_c1969
300 _aviii, 319 p. :
_bill. ;
_c25 cm.
651 _aPakistan
_xRegistration Act, 1908.
_9155219
942 _2ddc
_cBK
999 _c51896
_d51896